Logo BPK

Biblioteka

Politechniki Koszalińskiej

Układy cyfrowe - metody syntezy. (Rekord nr 6341)

Szczegóły MARC
000 -ETYKIETA REKORDU
podpole kontrolne o stałej długości 00894nam a2200253 i 4500
001 - NUMER KONTROLNY REKORDU
pole kontrolne bg
015 ## - NUMER BIBLIOGRAFII NARODOWEJ
Numer bibliografii narodowej PB 3989/93
040 ## - ŹRÓDŁO KATALOGOWANIA
Instytucja, która utworzyła rekord BPK
041 0# - KOD JĘZYKA
Kod języka tekstu pol
080 ## - UNIWERSALNA KLASYFIKACJA DZIESIĘTNA - UKD
UKD 681.32.02(075.8)
008 - POLE O STAŁEJ DŁUGOŚCI - DANE KONTROLNE
podpole kontrolne o stałej długości s pl f |000 0 pol
100 1# - NAZWA OSOBOWA
Nazwa osobowa Gorzałczany, Marian Bolesław
Daty związane z nazwą (1955- ).
245 00 - TYTUŁ/ODPOWIEDZIALNOŚĆ
Tytuł Układy cyfrowe - metody syntezy.
Oznaczenie części/sekcji dzieła T. 1,
Tytuł części/sekcji dzieła Elementy, układy kombinacyjne /
Pozostałe elementy strefy tytułu i oznaczenia odpowiedzialności Marian B. Gorzałczany.
250 ## - STREFA WYDANIA
Oznaczenie wydania [Wyd. 2 popr.].
260 ## - STREFA ADRESU WYDAWNICZEGO
Miejsce wydania Kielce :
Nazwa wydawcy/dystrybutora Dział Wydawnictw PŚ,
Data publikacji, dystrybucji/powstania dokumentu 1993
Miejsce produkcji (Kiel. :
Nazwa producenta PŚ).
300 ## - STREFA OPISU FIZYCZNEGO
Objętość 172 s. :
Inne cechy fizyczne rys., wykr. ;
Rozmiary 24 cm.
490 1# - STREFA SERII I DOKUMENTU WIELOCZĘŚCIOWEGO - FORMA NIE DO WYSZUKIWANIA
Tytuł i oznaczenie odpowiedzialności serii Skrypty Uczelniane Politechniki Świętokrzyskiej,
ISSN 0239-6386 ;
Numeracja w obrębie serii nr 232
504 ## - UWAGA DOTYCZĄCA BIBLIOGRAFII
Informacje o bibliografii Bibliogr. s. 372.
650 #9 - HASŁO PRZEDMIOTOWE W FORMIE NAZWY OGÓLNEJ LUB JEDNOSTKOWEJ
Nazwa ogólna lub geograficzna Układy cyfrowe
Określnik ogólny projekty
650 #9 - HASŁO PRZEDMIOTOWE W FORMIE NAZWY OGÓLNEJ LUB JEDNOSTKOWEJ
Nazwa ogólna lub geograficzna Układy logiczne
Określnik ogólny projekty
655 ## - TERMIN INDEKSOWY - OKREŚLENIE RODZAJU/FORMY DOKUMENTU
Określenie rodzaju/formy dokumentu Podręczniki akademickie
830 ## - HASŁO DODATKOWE SERII LUB DOKUMENTU WIELOCZĘŚCIOWEGO - TYTUŁ UJEDNOLICONY
Tytuł ujednolicony Skrypty Uczelniane Politechniki Świętokrzyskiej,
-- 0239-6386 ;
856 ## - LOKALIZACJA I DOSTĘP DO ELEKTRONICZNYCH DOKUMENTÓW ZDALNYCH
Link (URL) http://koha.tu.koszalin.pl/cgi-bin/koha/opac-detail.pl?biblionumber=6341
Tekst linku Katalog online BPK
942 ## - DODATKOWE ELEMENTY (KOHA)
Typ dokumentu Książka
Egzemplarze
Wycofany Status egzemplarza Uszkodzony Dostępność Lokalizacja stała Lokalizacja bieżąca Miejsce przechowywania Sygnatura Kod kreskowy Typ dokumentu
      Dostępny Biblioteka Politechniki Koszalińskiej Biblioteka Politechniki Koszalińskiej Wypożyczalnia BG P 47062 01022544 Książka
© 2023 Biblioteka Politechniki Koszalińskiej :: KOHA